Postavenie nadácií

Nadácia je právnická osoba, ktorá sa zapisuje do registra mimovládnych neziskových organizácií. Právne pomery a postavenie nadácií upravuje zákon č. 34/2002 Z.z. o nadáciách v znení neskorších predpisov. V priebehu účinnosti zákona vznikali nadácie, ktoré podľa zamerania delíme na firemné, v ktorej...

Descrizione completa

Salvato in:
Dettagli Bibliografici
Autore principale: Kašiar, Ján
Natura: Capitolo di libro
Lingua:slovacco
Soggetti:
Tags: Aggiungi Tag
Nessun Tag, puoi essere il primo ad aggiungerne!!

MARC

LEADER 00000naa a2200000 4500
001 0263781
005 20200604121407.5
041 0 |a slo 
044 |a SK 
245 1 0 |a Postavenie nadácií  |c Ján Kašiar 
520 |a Nadácia je právnická osoba, ktorá sa zapisuje do registra mimovládnych neziskových organizácií. Právne pomery a postavenie nadácií upravuje zákon č. 34/2002 Z.z. o nadáciách v znení neskorších predpisov. V priebehu účinnosti zákona vznikali nadácie, ktoré podľa zamerania delíme na firemné, v ktorej názve je názov spoločnosti, komunitné, ktoré sú nezávislé, apolitické, neziskové a verejne podporované a ostatné, ktorých činnosť je odvodená od príslušných grantov, ako výskumné a vývojové. Verejnoprospešný účel. Vznik nadácie. Pokuty. 
610 2 0 |a nadácie 
610 2 0 |a organizácie neziskové 
610 2 0 |a osoby právnické 
610 2 0 |a služby verejnoprospešné 
610 2 0 |a legislatíva 
610 2 0 |a rady správne 
610 2 0 |a zákony 
100 1 |a Kašiar, Ján